| 000 | 00752nam a2200241 a 4500 | ||
|---|---|---|---|
| 001 | BRCA_5201 | ||
| 005 | 20190320205001.0 | ||
| 008 | 780104s1963 fr-a#####b---#000-0#fre-# | ||
| 041 | _afre | ||
| 044 | _afr | ||
| 050 | 4 |
_aNE485 _b.A34 1963 |
|
| 100 | 1 |
_aAdhémar, Jean _97724 |
|
| 245 | 1 | 0 |
_aLa Gravure Originale au XVIIIe siècle _cpar Jean Adhémar. |
| 260 |
_aParís _bAimery Somogy _c1963 |
||
| 300 |
_a255 p. _bil. (algunas a color) _c21 cm. |
||
| 440 | 0 |
_aCollection les plus grands _913320 |
|
| 500 | _aIncluye tabla de ilustraciones e índice de nombres citados | ||
| 500 | _aDonación Dr. Héctor Rivero Borrell Vázquez | ||
| 504 | _aBibliografía: p. 237-241 | ||
| 650 | 1 | 4 |
_aGrabado _xHistoria _91591 |
| 902 | _aDHR | ||
| 942 |
_2lcc _cB |
||
| 999 |
_c4895 _d4895 |
||